Statistics for Cities With Bundesliga Teams Map Quiz

Click here to take the quiz!

General Stats

  • This quiz has been taken 215 times
  • The average score is 11 of 17

Answers on the Map

Answers color-coded by a green-red scale on the quiz's map according to % correct below.
 

Answer Stats

Answer% Correct
Berlin
88%
Munich
87%
Bremen
83%
Leipzig
77%
Frankfurt
75%
Freiburg im Breisgau
74%
Augsburg
73%
Mainz
64%
Wolfsburg
63%
Dortmund
56%
Paderborn
56%
Sinsheim
55%
Cologne
53%
Gelsenkirchen
46%
Mönchengladbach
46%
Düsseldorf
43%
Leverkusen
29%

Score Distribution

Percentile by Number Answered

Percent of People with Each Score

Your Score History

You have not taken this quiz